000 00790cab a2200253 4500
001 WB3345-16
008 090401t1997 xxu||||| |||| 00| 0 eng d
035 _a(Sirsi) u82276
041 _aeng
245 _aLondon communities reject supermarkets
260 _c1997
350 _a0
490 _aEvening Standard
_v21 November 1997, 11(1)
520 _aObjections to a planned Sainsbury superstore in Pimlico highlight the conflict to the growing trend of locating `invasive` developments in London residential communities.
650 _aFOOD STORES
650 _aLONDON
650 _aPIMLICO
650 _aRESIDENTIAL AREAS
650 _aSAINSBURYS
650 _aSUPERSTORES
690 _aPROPERTY-COMMERCIAL PROPERTY-RETAIL PROPERTY
942 _n0
948 _c21/11/1997
999 _c51917
_d51917